| 000 | 00481nam a2200145 i 4500 | ||
|---|---|---|---|
| 001 | bg | ||
| 245 | 0 |
_aLaboratorium elektrotechniki samochodowej : _bpraca zbiorowa / _cpod red. Zdzisława Pomykalskiego. |
|
| 260 |
_aWarszawa, _c1977. |
||
| 700 | 1 |
_aPomykalski, Zdzisław. _eRed. |
|
| 040 | _cBPK | ||
| 041 | _apol | ||
| 942 | _cKS | ||
| 008 | s pl f |000 0 pol | ||
| 856 |
_uhttp://koha.tu.koszalin.pl/cgi-bin/koha/opac-detail.pl?biblionumber=6107 _yKatalog online BPK |
||
| 999 |
_c6107 _d6107 |
||